| 000 | 00755nam a2200205 i 4500 | ||
|---|---|---|---|
| 001 | 112435 | ||
| 003 | ES-MaACL | ||
| 005 | 20250624194251.0 | ||
| 007 | t| | ||
| 008 | 061121s1950 sp |||| | spa d | ||
| 100 | 1 |
_aMuñoz Iglesias, Salvador. _984436 |
|
| 245 | 1 | 0 |
_aFray Luis de León teólogo _b: personalidad teológica / _cSalvador Muñoz Iglesias. |
| 260 |
_aMadrid : _b[s.n.], _c1950 ( _fGráf. Versal) |
||
| 300 |
_aXXIV, 284 p. ; _c25 cm. |
||
| 594 | _aPrecede al tít.: Consejo Superior de Investigaciones Cientificas. Instituto Francisco Suárez. | ||
| 600 | 1 | 4 |
_aLeón, Luis de, _d1527-1591- _xCrítica e interpretación _971582 |
| 710 | 2 |
_aInstituto "Francisco Suárez" _95062 |
|
| 852 |
_aES-MaACL _jC-7537 |
||
| 999 |
_c112435 _d112435 |
||